000 00712nam a2200193Ia 4500
008 151119s9999||||xx |||||||||||||| ||und||
082 _a894.8143
082 _bGKKV24418
100 _a"भैरप्पा, एस् एल्"
245 _aपर्व अनु -उमा कुलकर्णी
260 _aपुणे
260 _bमेहता पब्लीशिग हाउस
260 _c2008
600 _a"भैरप्पा, एस् एल्"
630 _aपर्व अनु -उमा कुलकर्णी
700 _a"भैरप्पा, एस् एल्"
730 _aपर्व अनु -उमा कुलकर्णी
942 _cBOOK
999 _c1076997
_d1076994